Zlatulienka

Bibliographic Details
Main Authors: Grimm, Jacob, 1785-1863 (Author), Grimm, Wilhelm, 1786-1859 (Author)
Format: Book
Language:Slovak
PhysicalDescription:[10] s. 19 cm
Published: Skalica Grafobal 1998
ISBN:8088886635
Subjects:

MARC

LEADER 00000nam a2200000 a 4500
001 vtls001358550
003 SK-MaSNL
005 20260302000237.0
008 240314s1998 xo 0 slo
015 |a SNBG1999/02-00724 
020 |a 8088886635 
035 |a SNK000312076 
040 |a SNK  |b slo  |c SNK  |e AACR2 
041 0 |a slo 
044 |a xo  |c SK 
080 |a 087.5(084)  |2 1981 
100 1 |a Grimm, Jacob,  |d 1785-1863  |4 aut  |9 108277 
245 1 0 |a Zlatulienka  |h grafika  |c Jakub i Wilhelm Grimm 
260 |a Skalica  |b Grafobal  |c 1998 
300 |a [10] s.  |c 19 cm 
650 0 7 |a leporelá  |2 SNK  |9 284032 
700 1 |a Grimm, Wilhelm,  |d 1786-1859  |4 aut  |9 108278 
919 |a 80-88886-63-5 
958 |a GKH 
958 |a TL 
958 |a DB 
999 |c 978739  |d 980669 
952 |t P60, <09>, [BOOK], {629}  |a SNK  |b SNK  |y NEVYP  |7 0  |o snkD 57  |i snk479/990329  |0 0  |1 0  |4 0  |d 1999-03-25  |l 0  |r 2005-01-02 00:00:00  |w 2026-02-24 
952 |t P60, <03>, [BOOK], {603}  |a SNK  |b SNK  |y PREZ  |7 0  |p 17A0185289  |o snkSD 69918  |i snkKSP 3181/99  |0 0  |1 0  |4 0  |d 1999-03-25  |l 0  |r 2005-01-02 00:00:00  |w 2026-02-24 
952 |t P60, <04>, [BOOK], {604}  |a SNK  |b SNK  |y VYP  |7 0  |p 17A0185290  |o snkSD 69918 D1  |i snkKSP 3182/99  |0 0  |1 0  |4 0  |d 1999-03-25  |l 0  |r 2005-01-02 00:00:00  |w 2026-02-24